[Event "29th Geneva Open"]
[Site "Geneva SUI"]
[Date "2012.12.26"]
[Round "1.1"]
[White "Berset, Philippe"]
[Black "Bacrot, Etienne"]
[Result "0-1"]
[BlackTitle "GM"]
[WhiteElo "2111"]
[BlackElo "2703"]
[WhiteFideId "1302175"]
[BlackFideId "605506"]
[EventDate "2012.12.26"]

1. e4 g6 2. d4 d6 3. Nc3 Bg7 4. g3 Nc6 5. Be3 Nf6 6. h3 e5 7. Nge2 O-O 8. Bg2
exd4 9. Nxd4 Re8 10. O-O Bd7 11. Nde2 b5 12. Nxb5 Nxe4 13. Nbc3 Nxc3 14. Nxc3
Rb8 15. Rb1 a5 16. Nd5 Ne5 17. Bd4 Be6 18. f4 c6 19. fxe5 Bxd5 20. Bxd5 cxd5 21.
exd6 Qxd6 22. Rf3 Re4 23. Bxg7 Kxg7 24. Qd3 Qe5 25. c3 Re2 26. Rf2 Re3 27. Qd4
Qxd4 28. cxd4 Rxg3+ 29. Kh2 Rd3 30. Rc1 Rxd4 31. Rc7 Rf8 32. Rd7 a4 33. b3 axb3
34. axb3 Rd3 35. Rb2 Rf3 36. b4 Re8 37. b5 Ree3 38. h4 Rd3 39. Kg2 Rg3+ 40. Kh2
Rh3+ 41. Kg2 Rdg3+ 42. Kf2 Rg4 43. Rxd5 Rhxh4 44. Rdd2 Rb4 45. Kg3 Rhd4 46. Rdc2
Rd3+ 47. Kf2 Rdb3 0-1

[Event "29th Geneva Open"]
[Site "Geneva SUI"]
[Date "2012.12.26"]
[Round "1.2"]
[White "Kovacevic, Aleksandar"]
[Black "Terraz, Christian"]
[Result "1-0"]
[WhiteTitle "GM"]
[WhiteElo "2560"]
[BlackElo "2098"]
[WhiteFideId "903124"]
[BlackFideId "1301810"]
[EventDate "2012.12.26"]

1. e4 e5 2. Nf3 Nc6 3. Bb5 Bc5 4. c3 f5 5. d4 fxe4 6. Bxc6 dxc6 7. Nxe5 Bd6 8.
Nd2 Nf6 9. O-O Qe7 10. f4 exf3 11. Ndxf3 Be6 12. Re1 O-O 13. Ng5 Rae8 14. Nxc6
Qd7 15. Ne5 Bxe5 16. Rxe5 Ng4 17. Rxe6 Rxe6 18. Qb3 Rf6 19. Bf4 Rxf4 20. Nxe6
Rf7 21. Ng5 1-0

[Event "29th Geneva Open"]
[Site "Geneva SUI"]
[Date "2012.12.26"]
[Round "1.3"]
[White "Bacrot, Nathalie"]
[Black "Malakhatko, Vadim"]
[Result "0-1"]
[BlackTitle "GM"]
[WhiteElo "2094"]
[BlackElo "2559"]
[WhiteFideId "621870"]
[BlackFideId "14104202"]
[EventDate "2012.12.26"]

1. Nf3 Nf6 2. g3 d5 3. Bg2 c6 4. d3 Bf5 5. Nbd2 e6 6. c4 Be7 7. O-O O-O 8. h3 h6
9. b3 a5 10. a3 Bh7 11. Bb2 Nbd7 12. Re1 Re8 13. Qc2 Bd6 14. e4 e5 15. exd5 cxd5
16. cxd5 Rc8 17. Qd1 Bxd3 18. Nc4 Bxc4 19. bxc4 Rxc4 20. Qb3 Rc7 21. Nd2 Nc5 22.
Qb5 Qd7 23. Qe2 Na4 24. Ne4 Nxe4 25. Bxe4 Nc3 26. Bxc3 Rxc3 27. a4 Qxh3 28. Qb5
Rec8 29. Bg2 Qf5 30. Qxa5 Bc5 31. Re2 Rxg3 32. Qe1 Qf3 0-1

[Event "29th Geneva Open"]
[Site "Geneva SUI"]
[Date "2012.12.26"]
[Round "1.5"]
[White "Anusca, Madalina-Maria"]
[Black "Guliyev, Namig"]
[Result "0-1"]
[BlackTitle "GM"]
[WhiteElo "2073"]
[BlackElo "2545"]
[WhiteFideId "1215396"]
[BlackFideId "13400363"]
[EventDate "2012.12.26"]

1. c4 e5 2. Nc3 Nf6 3. g3 Bb4 4. Bg2 O-O 5. Nf3 e4 6. Nd4 Re8 7. O-O Nc6 8. Nc2
Bxc3 9. bxc3 d6 10. Ne3 Bd7 11. Rb1 Qc8 12. Re1 Bh3 13. Bh1 Rb8 14. Ba3 Qd7 15.
Qc2 Ne5 16. d4 Neg4 17. Nxg4 Qxg4 18. Bc1 a6 19. Qa4 Qf5 20. Be3 h5 21. d5 h4
22. Bd4 e3 23. Bxe3 Rxe3 24. fxe3 Qg5 25. Bf3 hxg3 26. c5 Qxe3+ 27. Kh1 Qf2 0-1

[Event "29th Geneva Open"]
[Site "Geneva SUI"]
[Date "2012.12.26"]
[Round "1.7"]
[White "De Abreu, Orlando"]
[Black "Libiszewski, Fabien"]
[Result "0-1"]
[BlackTitle "GM"]
[WhiteElo "2034"]
[BlackElo "2503"]
[WhiteFideId "611794"]
[BlackFideId "616834"]
[EventDate "2012.12.26"]

1. e4 c5 2. d4 cxd4 3. c3 Nf6 4. e5 Nd5 5. Nf3 Nc6 6. Bc4 Nb6 7. Bb3 d5 8. exd6
Qxd6 9. O-O Be6 10. Qe2 Bxb3 11. axb3 g6 12. Na3 Bg7 13. Nb5 Qd7 14. Bf4 O-O 15.
Rfd1 Qg4 16. Bc7 Nd5 17. h3 Qh5 18. c4 Nxc7 19. Nxc7 Rac8 20. Nd5 e6 21. Nf4 Qf5 0-1

[Event "29th Geneva Open"]
[Site "Geneva SUI"]
[Date "2012.12.26"]
[Round "1.14"]
[White "Vuilleumier, Alexandre"]
[Black "Gautier, Anand"]
[Result "1-0"]
[WhiteTitle "IM"]
[WhiteElo "2304"]
[BlackElo "1885"]
[WhiteFideId "1305662"]
[BlackFideId "26010186"]
[EventDate "2012.12.26"]

1. e4 c5 2. Nf3 d6 3. c3 Nf6 4. h3 g6 5. Bd3 Bg7 6. O-O O-O 7. Bc2 e5 8. d4 Nc6
9. dxe5 dxe5 10. Bg5 h6 11. Qxd8 Rxd8 12. Bxf6 Bxf6 13. Na3 Be6 14. b3 a6 15.
Rfd1 Rxd1+ 16. Bxd1 Bd8 17. Be2 Ba5 18. Rc1 b5 19. c4 Nd4 20. Nxd4 exd4 21. cxb5
axb5 22. Nxb5 Bb4 23. a3 Bd2 24. Rxc5 Bxb3 25. Bc4 Bc2 26. Bd5 1-0

[Event "29th Geneva Open"]
[Site "Geneva SUI"]
[Date "2012.12.27"]
[Round "2.1"]
[White "Bacrot, Etienne"]
[Black "Vuilleumier, Alexandre"]
[Result "1-0"]
[WhiteTitle "GM"]
[BlackTitle "IM"]
[WhiteElo "2703"]
[BlackElo "2304"]
[WhiteFideId "605506"]
[BlackFideId "1305662"]
[EventDate "2012.12.26"]

1. c4 c5 2. Nf3 Nc6 3. d4 cxd4 4. Nxd4 g6 5. e4 Bg7 6. Nc2 Nf6 7. Nc3 O-O 8. Be2
d6 9. O-O Nd7 10. Bd2 Nc5 11. b4 Ne6 12. Rc1 Ned4 13. Nxd4 Nxd4 14. Be3 Nxe2+
15. Qxe2 Be6 16. Nd5 Bxd5 17. exd5 a5 18. b5 a4 19. a3 Re8 20. Rfd1 Qd7 21. h3
Qf5 22. Qc2 Qxc2 23. Rxc2 h5 24. Kf1 Bf6 25. Ke2 Kg7 26. Kd3 Rec8 27. Re1 Re8
28. Bb6 Rac8 29. Rce2 Kf8 30. g3 Bg7 31. f4 Bf6 32. g4 Bh4 33. Rg1 e6 34. dxe6
Rxe6 35. Rxe6 fxe6 36. gxh5 gxh5 37. Rg6 Kf7 38. Rh6 Rg8 39. Rxh5 Rg3+ 40. Ke4
Bf6 41. Rh7+ Kg6 42. Rxb7 Rxa3 43. Ra7 Rb3 44. Bc7 Rb4 45. Kd3 Rb3+ 46. Ke2 a3
47. Bxd6 Rb2+ 48. Kd3 a2 49. Be5 Bxe5 50. fxe5 Kf5 51. Kc3 Rh2 52. b6 Rxh3+ 53.
Kd4 Rb3 54. Kc5 Rb2 55. Kc6 Kxe5 56. b7 Kd4 57. c5 Rxb7 1-0

[Event "29th Geneva Open"]
[Site "Geneva SUI"]
[Date "2012.12.27"]
[Round "2.2"]
[White "Rambaldi, Francesco"]
[Black "Kovacevic, Aleksandar"]
[Result "1/2-1/2"]
[WhiteTitle "FM"]
[BlackTitle "GM"]
[WhiteElo "2308"]
[BlackElo "2560"]
[WhiteFideId "20657307"]
[BlackFideId "903124"]
[EventDate "2012.12.26"]

1. d4 Nf6 2. c4 e6 3. Nc3 Bb4 4. g3 c5 5. Nf3 cxd4 6. Nxd4 O-O 7. Bg2 d5 8. cxd5
Nxd5 9. Qb3 Bc5 10. Nc2 Nxc3 11. Qxc3 Qb6 12. Be3 Na6 13. Rd1 Rb8 14. O-O Bxe3
15. Nxe3 f6 16. a3 Rf7 17. b4 Bd7 18. Nc4 Qc7 19. Qb3 Re7 20. Rc1 Rc8 21. Qe3
Qb8 22. Na5 Rxc1 23. Rxc1 b6 24. Nc6 Bxc6 25. Rxc6 Nc7 26. Qd3 Qe8 27. Rd6 Qg6
28. Be4 f5 29. Rd8+ Kf7 30. Bc6 Qf6 31. Kg2 h6 32. e4 Qe5 33. f4 Qb2+ 34. Kh3
Qc1 35. Rd6 g6 36. exf5 gxf5 37. Bf3 Qb2 38. Bh5+ Kg7 39. Rd4 Nd5 40. Bf3 Nf6
41. Qe3 Kf7 42. Rd2 Qc1 43. Kg2 Rc7 44. Re2 Rc2 1/2-1/2

[Event "29th Geneva Open"]
[Site "Geneva SUI"]
[Date "2012.12.27"]
[Round "2.7"]
[White "Libiszewski, Fabien"]
[Black "Graells, Ricardo"]
[Result "1-0"]
[WhiteTitle "GM"]
[WhiteElo "2503"]
[BlackElo "2163"]
[WhiteFideId "616834"]
[BlackFideId "1312626"]
[EventDate "2012.12.26"]

1. Nf3 d5 2. c4 c6 3. g3 Nf6 4. Bg2 Nbd7 5. cxd5 cxd5 6. d4 Ne4 7. O-O e6 8. Nc3
Nxc3 9. bxc3 Bd6 10. e4 dxe4 11. Ng5 Nf6 12. Nxe4 Nxe4 13. Bxe4 O-O 14. Qd3 h6
15. c4 Rb8 16. c5 Bc7 17. Rb1 b6 18. Ba3 Re8 19. c6 f5 20. Bg2 e5 21. d5 e4 22.
Qb3 Bd6 23. Rbc1 Kh7 24. Rfd1 Qe7 25. Bxd6 Qxd6 26. a3 a5 27. c7 Rb7 28. Rc6 Qd7
29. Qc3 Ra7 30. d6 b5 31. Rc1 Re6 32. Qc5 Rb7 33. Qxf5+ g6 34. Qd5 e3 35. fxe3
Rxe3 36. Rf1 1-0

[Event "29th Geneva Open"]
[Site "Geneva SUI"]
[Date "2012.12.27"]
[Round "2.8"]
[White "Bagri, Jaspaul"]
[Black "Suba, Mihai"]
[Result "0-1"]
[BlackTitle "GM"]
[WhiteElo "2178"]
[BlackElo "2420"]
[WhiteFideId "1307347"]
[BlackFideId "1203363"]
[EventDate "2012.12.26"]

1. c4 Nf6 2. g3 c6 3. Nf3 d5 4. Bg2 a6 5. b3 Bg4 6. Bb2 e6 7. O-O Nbd7 8. d3 Be7
9. Nbd2 O-O 10. a3 Qb8 11. Qc2 Rd8 12. b4 h6 13. Nb3 Bf5 14. Rac1 Bh7 15. Na5
Bd6 16. cxd5 exd5 17. Nd4 Re8 18. Bh3 Be5 19. Rfe1 Qa7 20. Nab3 Re7 21. Nf5 Bxf5
22. Bxf5 Rae8 23. Bxe5 Nxe5 24. Qc3 h5 25. Nd4 g6 26. Bh3 Nfg4 27. Rf1 f5 28.
Bg2 h4 29. e4 hxg3 30. hxg3 dxe4 31. dxe4 Rd7 32. Ne2 Nd3 33. Qc4+ Kg7 34. exf5
Ndxf2 35. f6+ Kf8 36. Nf4 Ne4+ 0-1

[Event "29th Geneva Open"]
[Site "Geneva SUI"]
[Date "2012.12.27"]
[Round "2.11"]
[White "Burnier, David"]
[Black "Cadei, Frederic"]
[Result "1-0"]
[WhiteTitle "FM"]
[WhiteElo "2334"]
[BlackElo "2130"]
[WhiteFideId "1307940"]
[BlackFideId "1318322"]
[EventDate "2012.12.26"]

1. d4 d5 2. c4 c6 3. Nf3 Nf6 4. Nc3 a6 5. e3 Bf5 6. Ne5 e6 7. g4 Bg6 8. h4 Ne4
9. h5 f6 10. hxg6 fxe5 11. Nxe4 dxe4 12. Qb3 exd4 13. Rxh7 Rg8 14. c5 Qf6 15.
Qxb7 Bxc5 16. Qc8+ 1-0

[Event "29th Geneva Open"]
[Site "Geneva SUI"]
[Date "2012.12.27"]
[Round "3.1"]
[White "Libiszewski, Fabien"]
[Black "Bacrot, Etienne"]
[Result "1/2-1/2"]
[WhiteTitle "GM"]
[BlackTitle "GM"]
[WhiteElo "2503"]
[BlackElo "2703"]
[WhiteFideId "616834"]
[BlackFideId "605506"]
[EventDate "2012.12.26"]

1. e4 e5 2. Nf3 Nc6 3. Bb5 Nf6 4. O-O Nxe4 5. Qe2 Nd6 6. Bxc6 dxc6 7. Qxe5+ Qe7
8. Qa5 Qd7 9. Qe5+ Qe6 10. Qa5 Qd7 11. Qe5+ Qe7 12. Qa5 Qd7 1/2-1/2

[Event "29th Geneva Open"]
[Site "Geneva SUI"]
[Date "2012.12.27"]
[Round "3.3"]
[White "Maze, Sebastien"]
[Black "Gerber, Richard"]
[Result "1-0"]
[WhiteTitle "GM"]
[BlackTitle "IM"]
[WhiteElo "2546"]
[BlackElo "2419"]
[WhiteFideId "613762"]
[BlackFideId "1300652"]
[EventDate "2012.12.26"]

1. Nf3 Nf6 2. b3 g6 3. Bb2 Bg7 4. e4 d6 5. Qe2 c5 6. d4 cxd4 7. Nxd4 Nc6 8. Nxc6
bxc6 9. Nc3 a5 10. O-O-O Qc7 11. h4 h5 12. f3 Be6 13. Na4 O-O 14. e5 Nd5 15.
exd6 Bh6+ 16. Kb1 exd6 17. g4 Rfe8 18. gxh5 Bf5 19. Qc4 Ne3 20. Qc3 Kh7 21.
hxg6+ fxg6 22. h5 Nxd1 23. hxg6+ Bxg6 24. Qd2 Ne3 25. Rxh6+ Kxh6 26. Qh2+ Kg5
27. Qg3+ Kh5 28. Qh3+ Kg5 29. Qg3+ Kh5 30. f4 Bxc2+ 31. Kc1 Rg8 32. Be2+ Ng4 33.
Qh3+ Kg6 34. Bxg4 Kf7 35. Kxc2 1-0

[Event "29th Geneva Open"]
[Site "Geneva SUI"]
[Date "2012.12.28"]
[Round "4.2"]
[White "Bacrot, Etienne"]
[Black "Murariu, Andrei"]
[Result "1-0"]
[WhiteTitle "GM"]
[BlackTitle "GM"]
[WhiteElo "2703"]
[BlackElo "2529"]
[WhiteFideId "605506"]
[BlackFideId "1209272"]
[EventDate "2012.12.26"]

1. d4 d5 2. c4 c6 3. Nc3 Nf6 4. e3 e6 5. Nf3 Nbd7 6. Qc2 Bd6 7. Bd3 O-O 8. O-O
dxc4 9. Bxc4 b5 10. Bd3 Bb7 11. a3 a5 12. e4 e5 13. Rd1 Qc7 14. h3 Rfd8 15. Be3
exd4 16. Nxd4 Ne5 17. Bf1 Ng6 18. Nf5 Bh2+ 19. Kh1 Be5 20. Bc5 Rxd1 21. Rxd1 Rd8
22. g3 h5 23. h4 Rxd1 24. Nxd1 Qd8 25. Be2 Bc7 26. Nde3 Qd7 27. f4 Nf8 28. Be7
N8h7 29. Bc5 g6 30. Ne7+ Kg7 31. Kh2 Bd8 32. Qd3 Qe8 33. N7f5+ gxf5 34. Nxf5+
Kg8 35. Nd6 Qe6 36. Nxb7 Bc7 37. e5 Ng4+ 38. Bxg4 hxg4 39. Bd6 Bb6 40. Bc5 Bc7
41. Bf2 Nf8 42. Nc5 Qd5 43. Qxd5 cxd5 44. Na6 1-0

[Event "29th Geneva Open"]
[Site "Geneva SUI"]
[Date "2012.12.28"]
[Round "4.13"]
[White "Terraz, Christian"]
[Black "Cesareo, Fabio"]
[Result "1-0"]
[WhiteElo "2098"]
[BlackElo "2152"]
[WhiteFideId "1301810"]
[BlackFideId "1302078"]
[EventDate "2012.12.26"]

1. d4 Nf6 2. Nc3 d5 3. e4 dxe4 4. f3 exf3 5. Qxf3 c6 6. Bd3 Qxd4 7. Be3 Qg4 8.
Qf2 Qe6 9. h3 Nd5 10. Nxd5 cxd5 11. Nf3 Nc6 12. O-O f6 13. Rae1 Qd6 14. Bc5 Qc7
15. c4 d4 16. Nxd4 Nxd4 17. Qxd4 e6 18. Bxf8 Kxf8 19. Rxf6+ Ke7 20. Rfxe6+ Bxe6
21. Qxg7+ Kd6 22. Rxe6+ Kxe6 23. Qxc7 1-0

[Event "29th Geneva Open"]
[Site "Geneva SUI"]
[Date "2012.12.28"]
[Round "4.16"]
[White "Gautier, Anand"]
[Black "Bagri, Jaspaul"]
[Result "1-0"]
[WhiteElo "1885"]
[BlackElo "2178"]
[WhiteFideId "26010186"]
[BlackFideId "1307347"]
[EventDate "2012.12.26"]

1. e4 d6 2. d4 Nf6 3. Nc3 g6 4. f3 c6 5. Be3 Nbd7 6. Qd2 b5 7. g4 Nb6 8. a4 b4
9. Nd1 a5 10. Nf2 Bg7 11. Bd3 Qc7 12. Ne2 Bb7 13. Ng3 h5 14. g5 Nfd7 15. c3 bxc3
16. bxc3 h4 17. Ne2 c5 18. O-O c4 19. Bc2 e5 20. Ng4 Kf8 21. f4 exd4 22. Nxd4 d5
23. f5 gxf5 24. Rxf5 Kg8 25. Raf1 Re8 26. Rxf7 dxe4 27. Nh6+ Kh7 28. g6+ 1-0

[Event "29th Geneva Open"]
[Site "Geneva SUI"]
[Date "2012.12.28"]
[Round "4.20"]
[White "Catsiapis, Yiannis"]
[Black "Prunescu, Daniel"]
[Result "1-0"]
[WhiteElo "1838"]
[BlackElo "2025"]
[WhiteFideId "1320904"]
[BlackFideId "2274248"]
[EventDate "2012.12.26"]

1. e4 d6 2. d4 Nf6 3. Nc3 g6 4. f3 Bg7 5. Be3 c6 6. Qd2 b5 7. O-O-O O-O 8. Kb1
Re8 9. Bh6 Qc7 10. h4 Bh8 11. g4 e5 12. dxe5 dxe5 13. h5 Be6 14. hxg6 fxg6 15.
Nh3 Na6 16. Ng5 Rad8 17. Qe1 Rxd1+ 18. Nxd1 Nc5 19. Ne3 Rd8 20. b4 Nfd7 21. bxc5
Nxc5 22. Qb4 Bxa2+ 23. Kxa2 Rd4 24. Bc4+ bxc4 25. Qxc5 Qc8 26. Qf8+ Qxf8 27.
Bxf8 Kxf8 28. Ne6+ Kg8 29. Nxd4 exd4 30. Nxc4 Bf6 31. Kb3 Kg7 1-0

[Event "29th Geneva Open"]
[Site "Geneva SUI"]
[Date "2012.12.29"]
[Round "5.1"]
[White "Maze, Sebastien"]
[Black "Bacrot, Etienne"]
[Result "1/2-1/2"]
[WhiteTitle "GM"]
[BlackTitle "GM"]
[WhiteElo "2546"]
[BlackElo "2703"]
[WhiteFideId "613762"]
[BlackFideId "605506"]
[EventDate "2012.12.26"]

1. e4 e5 2. Nf3 Nc6 3. Bb5 Nf6 4. O-O Nxe4 5. Re1 Nd6 6. Nxe5 Be7 7. Bf1 Nxe5 8.
Rxe5 O-O 9. d4 Bf6 10. Re1 Re8 11. c3 Rxe1 12. Qxe1 Qe8 13. Qxe8+ Nxe8 14. Bf4
d5 15. Nd2 Be7 16. Re1 Kf8 17. Bd3 Bd6 18. Bxd6+ Nxd6 19. f3 h6 20. Kf2 a5 21.
h4 Bf5 22. Bxf5 Nxf5 23. g3 c6 24. Nf1 a4 25. Ne3 Nd6 26. Ke2 h5 27. Kd3 g6 28.
Re2 Kg7 29. Rf2 Re8 30. Re2 f6 31. Kd2 Kf7 32. Ke1 Ra8 33. Kf2 Re8 1/2-1/2

[Event "29th Geneva Open"]
[Site "Geneva SUI"]
[Date "2012.12.29"]
[Round "5.11"]
[White "Colmenares, Aurelio"]
[Black "De La Rosa, Damian"]
[Result "1-0"]
[WhiteTitle "FM"]
[WhiteElo "2226"]
[BlackElo "2045"]
[WhiteFideId "1308629"]
[BlackFideId "1302540"]
[EventDate "2012.12.26"]

1. e4 c5 2. Nf3 Nc6 3. d4 cxd4 4. Nxd4 e5 5. Nb5 a6 6. Nd6+ Bxd6 7. Qxd6 Qf6 8.
Qd1 Qg6 9. Nc3 Nge7 10. Be3 O-O 11. Qd2 d5 12. Nxd5 Nxd5 13. exd5 Rd8 14. Bd3 e4
15. dxc6 exd3 16. c7 Rd7 17. O-O-O Qc6 18. Bf4 dxc2 19. Qxc2 Qxg2 20. Rhe1 Rxd1+
21. Rxd1 g5 22. Qc3 h6 23. Rd8+ Kh7 24. Qh8+ Kg6 25. Qg8+ Kh5 26. Qxf7+ Kg4 27.
h3+ Qxh3 28. Be3 Bf5 29. Rd4+ Kf3 30. Qd5+ Ke2 31. Rd2+ Ke1 32. Rd1+ Ke2 1-0

[Event "29th Geneva Open"]
[Site "Geneva SUI"]
[Date "2012.12.29"]
[Round "5.14"]
[White "De Abreu, Orlando"]
[Black "Graells, Ricardo"]
[Result "0-1"]
[WhiteElo "2034"]
[BlackElo "2163"]
[WhiteFideId "611794"]
[BlackFideId "1312626"]
[EventDate "2012.12.26"]

1. e4 c6 2. d4 d5 3. exd5 cxd5 4. c4 Nf6 5. Nc3 Nc6 6. Nf3 Bg4 7. cxd5 Nxd5 8.
Qb3 Bxf3 9. gxf3 Nb6 10. Be3 e6 11. O-O-O Be7 12. d5 exd5 13. Bxb6 Qxb6 14. Bb5
O-O 15. Nxd5 Qxf2 16. Kb1 Qh4 17. Rhg1 Bd8 18. Rg4 Qh6 19. Rdg1 g6 20. Nf4 Ne5
21. Ne6 Nxg4 22. Nxf8 Qxh2 23. Re1 Bh4 24. Be8 Nh6 25. Re4 Qg1+ 26. Kc2 Rc8+ 27.
Kd3 Qf1+ 28. Kd4 Bf6+ 0-1

[Event "29th Geneva Open"]
[Site "Geneva SUI"]
[Date "2012.12.29"]
[Round "5.18"]
[White "Hofer, Nataniel"]
[Black "Duruz, Noe"]
[Result "1-0"]
[WhiteElo "1798"]
[BlackElo "1954"]
[WhiteFideId "1321889"]
[BlackFideId "1325965"]
[EventDate "2012.12.26"]

1. d4 Nf6 2. c4 e6 3. Nf3 d5 4. Bg5 h6 5. Bh4 Bb4+ 6. Nbd2 c5 7. cxd5 exd5 8.
dxc5 Bg4 9. Ne5 g5 10. Qa4+ Nc6 11. Nxc6 Bxd2+ 12. Kxd2 bxc6 13. Bg3 Ne4+ 14.
Ke1 Bd7 15. Qd4 O-O 16. f3 Nxg3 17. hxg3 Kh7 18. e3 Qc7 19. Qf6 Qa5+ 20. Kf2
Qd2+ 21. Be2 1-0

[Event "29th Geneva Open"]
[Site "Geneva SUI"]
[Date "2012.12.29"]
[Round "6.2"]
[White "Malakhatko, Vadim"]
[Black "Maze, Sebastien"]
[Result "1-0"]
[WhiteTitle "GM"]
[BlackTitle "GM"]
[WhiteElo "2559"]
[BlackElo "2546"]
[WhiteFideId "14104202"]
[BlackFideId "613762"]
[EventDate "2012.12.26"]

1. d4 Nf6 2. c4 g6 3. Nf3 Bg7 4. g3 O-O 5. Bg2 c6 6. O-O d5 7. cxd5 cxd5 8. Ne5
Bf5 9. Nc3 Ne4 10. Bf4 Nc6 11. Rc1 Rc8 12. Nxe4 Bxe4 13. Bh3 Bf5 14. Bxf5 gxf5
15. Qd2 Nxe5 16. Bxe5 Qd7 17. Bxg7 Kxg7 18. Qg5+ Kh8 19. Qe3 Kg7 20. Rfd1 h6 21.
Rc5 e6 22. Rdc1 Rc6 23. Rxc6 bxc6 24. Rc5 Qb7 25. b3 Qa6 26. Rc2 Rc8 27. h3 Qa3
28. Qe5+ Kg8 29. Qf6 Qf8 30. g4 fxg4 31. hxg4 Qg7 32. Qxg7+ Kxg7 33. Kg2 Kf6 34.
f4 Ke7 35. Kf3 Kd6 36. e3 Rg8 37. Rh2 Rg6 38. f5 exf5 39. gxf5 Rf6 40. Kf4 Ke7
41. b4 Rd6 42. Ke5 a6 43. a4 Rf6 44. Rh1 Rd6 45. Kf4 Kf8 46. Rc1 Kg7 47. Ke5 Rd8
48. Rxc6 Rb8 49. Rxa6 Rxb4 50. f6+ Kg6 51. Ra8 Rb3 52. Rg8+ Kh5 1-0

[Event "29th Geneva Open"]
[Site "Geneva SUI"]
[Date "2012.12.29"]
[Round "6.5"]
[White "Gerber, Richard"]
[Black "Vuilleumier, Alexandre"]
[Result "0-1"]
[WhiteTitle "IM"]
[BlackTitle "IM"]
[WhiteElo "2419"]
[BlackElo "2304"]
[WhiteFideId "1300652"]
[BlackFideId "1305662"]
[EventDate "2012.12.26"]

1. d4 Nf6 2. c4 e6 3. Nc3 Bb4 4. e3 O-O 5. Ne2 d5 6. a3 Bd6 7. c5 Be7 8. Nf4 b6
9. b4 a5 10. Bd2 c6 11. Na4 bxc5 12. Nxc5 Bxc5 13. bxc5 Ne4 14. Bd3 Ba6 15. O-O
e5 16. dxe5 Qe7 17. Rb1 Nd7 18. Bxa6 Rxa6 19. Qe2 Ra7 20. Nd3 Nexc5 21. Nxc5
Qxc5 22. e4 d4 23. Rfc1 Qxa3 24. Qc4 Nxe5 25. Qxd4 Rd7 26. Qc3 Qa2 27. Be3 Rfd8
28. h3 Qe6 29. Bb6 Ra8 30. Bd4 Ng6 31. Re1 f6 32. Rb6 Ne7 33. Bc5 Nc8 34. Rbb1
Nd6 35. e5 Nb5 36. Qg3 f5 37. Qf3 Rd5 38. Rec1 a4 39. Ra1 Qxe5 40. Re1 Qc3 41.
Be3 Nd4 42. Qh5 f4 43. Bd2 Qxa1 44. Qxd5+ cxd5 45. Rxa1 Nb3 0-1

[Event "29th Geneva Open"]
[Site "Geneva SUI"]
[Date "2012.12.30"]
[Round "7.1"]
[White "Malakhatko, Vadim"]
[Black "Bacrot, Etienne"]
[Result "1/2-1/2"]
[WhiteTitle "GM"]
[BlackTitle "GM"]
[WhiteElo "2559"]
[BlackElo "2703"]
[WhiteFideId "14104202"]
[BlackFideId "605506"]
[EventDate "2012.12.26"]

1. d4 Nf6 2. c4 e6 3. Nc3 d5 4. Nf3 c5 5. cxd5 Nxd5 6. g3 cxd4 7. Nxd5 Qxd5 8.
Qxd4 Qb5 9. e4 Qb4+ 10. Qxb4 Bxb4+ 11. Bd2 Bxd2+ 12. Kxd2 Bd7 13. Ke3 Ke7 14.
Rc1 Nc6 15. Bb5 Rac8 16. Bxc6 Bxc6 17. Nd4 Bd7 18. Nb3 e5 19. Nc5 b6 20. Nxd7
Kxd7 21. h4 Ke6 22. Rhd1 h5 23. Kf3 g6 24. Ke3 Rhg8 25. Kf3 Rh8 26. Ke3 Rhg8 27.
Kf3 Rge8 28. Ke3 Rh8 29. Kf3 Rhe8 30. Ke3 Rg8 31. Kf3 1/2-1/2

[Event "29th Geneva Open"]
[Site "Geneva SUI"]
[Date "2012.12.30"]
[Round "7.2"]
[White "Kovacevic, Aleksandar"]
[Black "Murariu, Andrei"]
[Result "1/2-1/2"]
[WhiteTitle "GM"]
[BlackTitle "GM"]
[WhiteElo "2560"]
[BlackElo "2529"]
[WhiteFideId "903124"]
[BlackFideId "1209272"]
[EventDate "2012.12.26"]

1. e4 c5 2. Nf3 Nc6 3. Bb5 d6 4. O-O Bd7 5. Re1 Nf6 6. c3 a6 7. Bf1 Bg4 8. h3
Bh5 9. g4 Bg6 10. d4 e5 11. d5 Nb8 12. Nh4 Be7 13. f3 Nfd7 14. Ng2 h5 15. Be3
Nf8 16. Nd2 Nbd7 17. a4 hxg4 18. hxg4 Nh7 19. Nc4 Nb6 20. Nxb6 Qxb6 21. Re2 Ng5
22. Ne1 Qd8 23. a5 Qd7 24. Qa4 Nh3+ 25. Bxh3 Rxh3 26. Rh2 Qxa4 27. Rxa4 Rxh2 28.
Kxh2 f6 29. Nd3 O-O-O 30. c4 Rh8+ 31. Kg2 Be8 32. Ra1 1/2-1/2

[Event "29th Geneva Open"]
[Site "Geneva SUI"]
[Date "2012.12.30"]
[Round "7.5"]
[White "Libiszewski, Fabien"]
[Black "Preissmann, Emmanuel"]
[Result "1-0"]
[WhiteTitle "GM"]
[BlackTitle "FM"]
[WhiteElo "2503"]
[BlackElo "2230"]
[WhiteFideId "616834"]
[BlackFideId "1300342"]
[EventDate "2012.12.26"]

1. c4 e6 2. g3 d5 3. Bg2 Nf6 4. Nf3 dxc4 5. Qa4+ c6 6. Qxc4 b5 7. Qc2 Bb7 8. Nc3
a6 9. a4 Nbd7 10. O-O b4 11. Nd1 c5 12. d3 Be7 13. Ne3 O-O 14. Nc4 a5 15. e4 Ra6
16. Be3 Qa8 17. h3 Rc8 18. Rac1 Ne8 19. Nfd2 Nb8 20. f4 Nc6 21. Nb3 Qa7 22. Qf2
Nb8 23. d4 Nd7 24. dxc5 Qa8 25. Rfd1 Bc6 26. e5 Nxc5 27. Bxc5 Bxc5 28. Nxc5 Bxg2
29. Nxa6 Bd5 30. Nb6 Rxc1 31. Rxc1 Qxa6 32. Rc8 1-0